000
00284nam a2200121Ia 4500
008
190216s9999||||xx |||||||||||||| ||und||
100
_a
Gilbert W Castellan
245
0
_a
Physical Chemistry
260
_b
Narosa Pubs House
_c
1983
300
_a
1-17p
650
_a
Chemistry
942
_c
BK
999
_c
2661
_d
2661